| 000 | 00654nam a22002417a 4500 | ||
|---|---|---|---|
| 003 | UA-OsUOA | ||
| 001 | 26129 | ||
| 007 | ta | ||
| 008 | 20040513b un ||||| |||| 00| 0 ukr d | ||
| 090 |
_a398 _bФ75 |
||
| 942 | _cBK | ||
| 040 |
_aUA-OsUOA _bukr _cUA-OsUOA _dUA-OsUOA |
||
| 245 |
_aФольклор українців поза межами України _bЗбірник наукових статей _cРед. О.В.Устожаніна Т.А.Кінько |
||
| 300 | _a189 с. | ||
| 955 | _a0 | ||
| 041 | _aukr | ||
| 080 | _a398 | ||
| 020 | _a5-7702-0403-6 | ||
| 260 |
_aКиїв _c1992 |
||
| 044 | _aUA | ||
| 650 | 7 | _2UDC | |
| 999 |
_c312441 _d312441 |
||